000 00502nam a2200181Ia 4500
008 100920s9999 xx 000 0 und d
082 _b94420
_a24 न 05
100 _aदाभाडे दिनकर.
245 _aगयपातं.
260 _bसाकेत,औरंगाबाद.
_c2005
300 _a240
_bसाधी
365 _b170
520 _aसायो.
630 _aगयपातं.
650 _aसायो.
730 _aगयपातं.
942 _cBOOK
999 _c734863
_d734860